Normal view
MARC view
- الاردن - تاريخ، الاردن- سياسة ، النهضة العربية
Entry Topical Term
001 - CONTROL NUMBER
- control field: 20393
003 - CONTROL NUMBER IDENTIFIER
- control field: JO-AjAnu
005 - DATE AND TIME OF LATEST TRANSACTION
- control field: 20230606073540.0
008 - FIXED-LENGTH DATA ELEMENTS
- fixed length control field: 230606|| aca||aabn | a|a d
040 ## - CATALOGING SOURCE
- Original cataloging agency: JO-AjAnu
- Transcribing agency: JO-AjAnu
150 ## - HEADING--TOPICAL TERM
- Topical term or geographic name entry element: الاردن - تاريخ، الاردن- سياسة ، النهضة العربية
670 ## - SOURCE DATA FOUND
- Source citation: Work cat.: (JO-AjAnu)10472: تاليف واعداد الصمادي، سليمان مصطفى, author 20392, الأردن الحقيقة والوجود: دراسة واقعية للنهضة العربية والفكر السياسي الاردني